000
00176nam a2200073Ia 4500
008
170817s9999 xx 000 0 und d
100
_a
Kumar.Yogesh
245
0
_a
Adhunik Hidi Shikshan
260
_b
A. P. H. PUB.
999
_c
38479
_d
38479